| 000 | 02456nam a2200301Ia 4500 | ||
|---|---|---|---|
| 999 |
_c49629 _d49629 |
||
| 003 | Ge_BSU | ||
| 005 | 20250211173950.0 | ||
| 008 | 181216s2015||||ge |||||||||||||| ||geo|| | ||
| 020 | _a9789941240690 | ||
| 041 | _ageo | ||
| 080 | _a27-36 წ-71 | ||
| 245 |
_cწმინდა მამანი : ღირსი მარონი , წმინდა ტრიფონ პატრიარქი, ღირსი ბესარიონი, წმინდა ისააკ აღმსარებელი ; ხუცესი რუფინიუსი - მეუდაბნოე მამათა ცხოვრება ; წმინდა პაისი მთაწმინდელი - ათონელი მამები / _aშემდგენელი კახაბერ კენკიშვილი ; გარეკანის დიზაინი ეთერ გზირიშვილი. |
||
| 264 |
_aთბილისი : _bპალიტრა L, _c1915. |
||
| 300 |
_a232 გვ. ; _c 20 სმ. |
||
| 490 |
_aსაქართველოს იმედი II : ყველა წმინდანი, რომელთა შესახებაც უნდა იცოდე / პროექტის რედაქტორი თამარ მამაცაშვილი. _vწიგნი 29. |
||
| 500 | _aიბეჭდება სრულიად საქართველოს კათოლიკოს-პატრიარქის, უწმინდესისა და უნეტარესის ილია II-ის ლოცვა-კურთხევით | ||
| 653 | _aმარონი | ||
| 653 | _aბესარიონი | ||
| 653 | _aტრიფონ პატრიარქი | ||
| 653 | _a ისააკ აღმსარებელი | ||
| 653 | _aრუფინიუსი ხუცესი | ||
| 653 | _aპაისი მთაწმინდელი | ||
| 653 | _a წმინდანთა ცხოვრება | ||
| 700 |
_aკენკიშვილი, კახაბერ _eშემდგენელი _924322 |
||
| 700 |
_aმამაცაშვილი, თამარ _eპროექტის რედაქტორი _924323 |
||
| 700 |
_aგზირიშვილი, ეთერ _eგარეკანის დიზაინერი _924324 |
||
| 942 |
_cBK _2udc |
||